000
00222 a2200085 4500
020
_a
9780511642036
100
_a
Chandavarkar, R.
245
_a
History, Culture, and the Indian City,
260
_b
Cambridge University Press
_c
2015
999
_c
13199
_d
13199